000 01198nam a2200301 c 4500
999 _c123359
_d123359
003 BLK
005 20220616155613.0
008 180409b bul|||||r ||||||| ||bul||
010 _aKNG00129018000
040 _aBLK
041 _aBUL
_cBUL
080 _aБългарска литература
_b821.163.2
_x-32
_z821.163.2-32
100 1 _aБабаков, Светомир Витков
_eпърви автор
_9318109
139 _aБабаков, Светомир Витков
_bБ 12
245 1 0 _aУлицата с гълъбите
_bПовест
_cСветомир Витков Бабаков; предг. от Максим Исаков Наимович.
250 _a2. изд.
257 _aBGR
260 _bХристо Г. Данов
_c1968
_aПловдив
300 _a203 с.
_c22 см
_b1 л. портр.
380 _aX
500 _a1. изд. 1962. - 10 050 тир.
700 1 _aНаимович, Максим Исаков
_eпредг. от
_9278152
852 _aЦб 47078
_bЦб
856 4 _qpdf
856 4 _qpdf
942 _cKNG
_n0
_s1
944 _aCR
_c17.03.2012
_l17.03.2012 - от С1,Р / 17.03.2012
_kДиана_Димитрова
944 _aED
_c17.03.2012
_l17.03.2012 - от С1,Р / 17.03.2012
944 _aED
_c2022-06-16
999 _d123359